| 000 | 00719nam a22002057a 4500 | ||
|---|---|---|---|
| 003 | 0 | ||
| 005 | 20250822160102.0 | ||
| 008 | 250822b xxu||||| |||| 00| 0 eng d | ||
| 020 | _a978-1-5264-2814-1 | ||
| 050 |
_aHM 1033 _b.S63 2025 |
||
| 245 |
_aSocial psychology : _bfoundations, advances and applications / _cedited by Stefania Paolini, Rhiannon N. Turner, Milica Vasiljevic & Richard J. Crisp. |
||
| 260 |
_aLondon : _bSage, _c2025. |
||
| 300 |
_ax, 603 pages : _bcolored illustrations ; _c25 cm. |
||
| 504 | _aIncludes bibliographical references and index. | ||
| 650 | _aSocial psychology. | ||
| 650 | _aSocial interaction. | ||
| 650 | _aGroup identity. | ||
| 650 | _aAttitude (Psychology). | ||
| 942 |
_2lcc _cBK |
||
| 999 |
_c367592 _d367592 |
||